Cena viac ako značka ?
Slovenský trh minerálnych vôd sa vyznačuje vysokou citlivosťou spotrebiteľov na cenu. Stále je schopný prijímať nové značky a medziročný nárast celkových objemov predaja sa drží na úrovni viac ako 10 percent. Znalosť značiek, najčastejšie kupované značky
Gespeichert in:
| 1. Verfasser: | |
|---|---|
| Format: | Buchkapitel |
| Sprache: | Slowakisch |
| Schlagworte: | |
| Tags: |
Keine Tags, Fügen Sie das erste Tag hinzu!
|
MARC
| LEADER | 00000naa$a2200000$$$4500 | ||
|---|---|---|---|
| 001 | 0012776 | ||
| 005 | 20231004064655.0 | ||
| 041 | 0 | |a slo | |
| 044 | |a SK | ||
| 245 | 1 | 0 | |a Cena viac ako značka ? |c aut. Renata Môciková |
| 520 | |a Slovenský trh minerálnych vôd sa vyznačuje vysokou citlivosťou spotrebiteľov na cenu. Stále je schopný prijímať nové značky a medziročný nárast celkových objemov predaja sa drží na úrovni viac ako 10 percent. Znalosť značiek, najčastejšie kupované značky | ||
| 610 | 2 | 0 | |a voda minerálna |
| 610 | 2 | 0 | |a značky výrobkov |
| 610 | 2 | 0 | |a trh nákupný |
| 610 | 2 | 0 | |a nákup |
| 610 | 2 | 0 | |a predaj |
| 610 | 2 | 0 | |a ceny |
| 610 | 2 | 0 | |a Slovensko |
| 100 | 1 | |a Môciková, Renata | |